Ausfahrten der BAB 1 - Statistiken

Allgemein
  • Dieses Quiz wurde 15 mal gespielt
  • Das Durchschnittsergebnis liegt bei 33 aus 147
Antwortstatistiken
Ausfahrt % Korrekt
Bremen/Brinkum
75%
Bremer Kreuz
75%
Kreuz Leverkusen
75%
Kreuz Lotte/Osnabrück
75%
Kreuz Saarbrücken
58%
Euskirchen
50%
Hamm/Bergkamen
50%
Kreuz Dortmund/Unna
50%
Remscheid
50%
Vechta
50%
Daun
42%
Erftstadt
42%
Frechen
42%
Gerolstein
42%
Hamburg-Harburg
42%
Hürth
42%
Kamener Kreuz
42%
Kreuz Köln-West
42%
Kreuz Münster-Süd
42%
Kreuz Wittlich
42%
Münster-Nord
42%
Schwerte
42%
Unna
42%
Ascheberg
33%
Bramsche
33%
Cloppenburg
33%
Gevelsberg
33%
Greven
33%
Kreuz Köln-Nord
33%
Kreuz Leverkusen-West
33%
Kreuz Wuppertal-Nord
33%
Maschener Kreuz
33%
Mechernich
33%
Schweich
33%
Wermelskirchen
33%
Westhofener Kreuz
33%
Ahrensburg
25%
Bad Oldesloe
25%
Blankenheim
25%
Buchholzer Dreieck
25%
Dreieck Bad Schwartau
25%
Dreieck Moseltal
25%
Dreieck-Norderelbe
25%
Dreieck Vulkaneifel
25%
Föhren
25%
Hagen-Nord
25%
Hagen-West
25%
Hamburg-Billstedt
25%
Hamm-Bockum/Werne
25%
Heiligenhafen-Ost
25%
Holz
25%
Köln-Bocklemünd
25%
Köln-Lövenich
25%
Köln-Niehl
25%
Kreuz Hamburg-Ost
25%
Lengerich
25%
Osnabrück-Hafen
25%
Osnabrück-Nord
25%
Riegelsberg
25%
Wittlich-Mitte
25%
Bad Schwartau
17%
Bargteheide
17%
Braunshausen
17%
Bremen-Arsten
17%
Burscheid
17%
Dreieck Ahlhorner Heide
17%
Dreieck Erfttal
17%
Dreieck Hamburg-Südost
17%
Dreieck Nonnweiler
17%
Dreieck Stuhr
17%
Eutin
17%
Flughafen Münster/Osnabrück
17%
Hamburg-Moorfleet
17%
Hamburg-Öjendorf
17%
Hamburg-Stillhorn
17%
Heiligenhafen-Mitte
17%
Hermeskeil
17%
Hollenstedt
17%
Horster Dreieck
17%
Kamen-Zentrum
17%
Kreuz Bargteheide
17%
Kreuz Bliesheim
17%
Ladbergen
17%
Lübeck-Zentrum
17%
Mehren
17%
Mehring
17%
Münster-Hiltrup
17%
Nettersheim
17%
Nonnweiler-Bierfeld
17%
Oldenburg in Holstein-Mitte
17%
Oldenburg in Holstein-Nord
17%
Oldenburg in Holstein-Süd
17%
Otzenhausen
17%
Posthausen
17%
Reinfeld (Holstein)
17%
Reinsfeld
17%
Remscheid-Lennep
17%
Saarbrücken-Burbach
17%
Saarbrücken-Von der Heydt
17%
Salmtal
17%
Scharbeutz
17%
Seevetal-Hittfeld
17%
Stapelfeld
17%
Stuckenborstel
17%
Uphusen/Bremen-Mahndorf
17%
Volmarstein
17%
Wuppertal-Ronsdorf
17%
Ahlhorner Heide
8%
Barsbüttel
8%
Bockel
8%
Bremen-Hemelingen
8%
Buchholz-Dibbersen
8%
Delmenhorst-Ost
8%
Elsdorf
8%
Eppelborn
8%
Gleuel
8%
Gremersdorf
8%
Groß Ippener
8%
Hasborn
8%
Heidenau
8%
Holdorf
8%
Illingen
8%
Jahnshof
8%
Kelberg
8%
Lensahn
8%
Lohne/Dinklage
8%
Lübeck-Moisling
8%
Manderscheid
8%
Neuenkirchen-Vörden
8%
Neustadt in Holstein-Mitte
8%
Neustadt in Holstein-Pelzerhaken
8%
Oyten
8%
Pansdorf
8%
Primstal
8%
Quierschied
8%
Rade
8%
Ratekau
8%
Saarbrücken-Neuhaus
8%
Sereetz
8%
Sittensen
8%
Tholey
8%
Tholey-Hasborn
8%
Weilerswist-West
8%
Wildeshausen-Nord
8%
Wildeshausen-West
8%
Wißkirchen
8%
Wuppertal-Langerfeld
8%
Keine übereinstimmenden Quizze gefunden
Verteilung der Resultate
Anzahl Personen mit jedem Resultat
Perzentil nach korrekt beantworteten Fragen
Ihre Resultats-Entwicklung
Sie haben dieses Quiz noch nicht gespielt